00470nam a2200181Ia 4500003000400000005001700004008004000021020001500061040000700076041000800083082001600091100001900107245007900126250000700205260004500212300001500257700001600272OSt20230227120007.0210210b2013 xxu||||| |||| 00| 0 eng d a8172881452 cAL aeng a657.46 MEHI aMEHROTRA (H C) aIncome tax law and practice 2013-14bIncluding wealth tax and tax planning a34 aAgrabSahithya Bhawan Publicationsc2013 axvi,984,xx aGOYAL (S P)